00671nam a2200241Ia 4500008004100000020001600041050000800057050001000065100002000075245002300095245005000118260001600168260001700184260000900201300001700210300002100227300001100248440003200259500007400291650001300365650002900378650002200407170203s9999 xx 000 0 und d a0-43923641x aFIc bB347w aBaum, L. Frank. 4aThe Wizard of Oz / cL. Frank Baum ; illustrated by Michael Hague. aNew York :  bScholastic,  c2001 a156 pages :  billustrations ;  c20 cm. aScholastic junior classics. aCopyright 1958 by TAB Books. First Scholastic printing, January 2001. aFantasy. aOz (Imaginary place) --  xJuvenile fiction.